000 00831nam a22003017a 4500
001 BR7800433
003 BR-BrBNA
005 20230928085523.0
007 ta
008 230509b bl.||||| |||| 00| 0 por d
040 _aBR-BrBNA
_bpor
_cBiblioteca Nacional de Agricultura
041 _a(Por)
072 _aH20
_b0120
_b1410
_b0430
_b/G514
090 _ 0120 BR7800433
100 1 _aSouza Filho, B.F. de
110 1 _aUnidade de Execucao de Pesquisa de Ambito Estadual de Quissama, SE (Brasil)
_910375
245 1 _aAlgumas doencas do milho, feijao e algodao [Brasil]
260 3 _aQuissama, SE (Brasil):
_c1977.
300 _a10 p.
650 _aMILHO
650 _aFEIJAO
650 _aALGODAO
650 _aFUNGO
650 _aBACTERIA
650 _aVIRUS
909 _a202309
_bLucia
_c55
_dLucia Elande
942 _cBK
999 _c24882
_d24882